| 000 | 01119cam a22002054a 4500 | ||
|---|---|---|---|
| 005 | 20250605164039.0 | ||
| 008 | 250528s ||||||||||||||||||||||||d | ||
| 035 | _a16930 | ||
| 020 | _a1871458072 | ||
| 040 |
_aGR-AtMCL _bgre _dGR-AtMCL _eAACR2 |
||
| 245 | 1 | _aUnderstanding Dyslexia | |
| 250 | _a1st | ||
| 260 |
_bBath Educational Publishers Ltd., _c1990 |
||
| 300 | _a160 | ||
| 520 | _aThis book is essential reading for parents, doctors, teachers, and social workers who are involved with dyslexic children in their professional lives. Foreword, Four Cases Studies, Recognizing Dyslexia, Doubtful Cases, What Causes Dyslexia?, Problems of Screening, Dyslexia and Morale, Organizing the Teaching, At the Secondary Stage, Into Adulthood, Recent Developments, References, Books and Articles, Tests, Appendices, Recognizing the Dyslexic Child, Suggestions for Further Reading, General Background, Research Reports and More Technical Books, Teaching Books and Programs, Glossary, List of Centers, Index of Names and Subjects. | ||
| 700 | 1 |
_aMiles T.R _93031 |
|
| 942 | _cBK | ||
| 999 |
_c2375 _d2375 |
||